Skúmanie regionálnych disparít v rámci nových členských krajín Európskej únie

Na základe viacrozmernej klasifikácie 55 NUTS2 podľa východiskovej úrovne HDP a podľa priemerného tempa rastu v časovom horizonte rokov 1998-2004 sa identifikovali potenciálne možnosti jednotlivých regiónov NUTS2 nových dvanástic členských krajín EÚ (NEU 12) konvergovať k ekonomicky vyspelejším regi...

Descripción completa

Guardado en:
Detalles Bibliográficos
Autor principal: Kropková, Zlata
Otros Autores: Sojková, Zlata
Formato: Capítulo de libro
Lenguaje:eslovaco
Materias:
Etiquetas: Agregar Etiqueta
Sin Etiquetas, Sea el primero en etiquetar este registro!

MARC

LEADER 00000naa$a2200000$$$4500
001 0091536
005 20220504100806.8
041 0 |a slo 
044 |a SK 
245 1 0 |a Skúmanie regionálnych disparít v rámci nových členských krajín Európskej únie  |c Zlata Kropková, Zlata Sojková 
520 |a Na základe viacrozmernej klasifikácie 55 NUTS2 podľa východiskovej úrovne HDP a podľa priemerného tempa rastu v časovom horizonte rokov 1998-2004 sa identifikovali potenciálne možnosti jednotlivých regiónov NUTS2 nových dvanástic členských krajín EÚ (NEU 12) konvergovať k ekonomicky vyspelejším regiónom EÚ. Z výsledkov realizovaných analýz je možné z pohľadu proporcionality vyrovnávania sa socio-ekonomických rozdielov hovoriť skôr o divergenčných tendenciách ekonomickej úrovne regiónov nových členských krajín EÚ. 
610 2 0 |a Európska únia 
610 2 0 |a úroveň rozvoja hospodárskeho 
610 2 0 |a tempo rastu hospodárskeho 
610 2 0 |a regióny 
610 2 0 |a disparita 
610 2 0 |a klasifikácia 
100 1 |a Kropková, Zlata 
700 1 |a Sojková, Zlata